Cholet - Choix multiples - Statistiques

Statistiques générales
  • Ce quiz a été pris 74 fois
  • Le résultat moyen est 6 sur 10
Statistiques - réponses
Question Réponse % Correct
De quelle couleur sont les morceaux de tissu de la question précédente tels que fabriqués dans la tradition choletaise ? Rouge
89%
Laquelle de ces images représente un aspect de Cholet ?
88%
Quel type de morceaux de tissu est la spécialité textile de la ville de Cholet ? Les mouchoirs
83%
La commune de Maulévrier est située à onze kilomètres au sud de Cholet. Elle comprend un jardin qui est le plus vaste d'Europe aménagé dans le style d'un pays non-européen. Dans le style de quel pays ce jardin a-t-il été aménagé ? Le Japon
80%
Parmi ces joueurs de basket-ball, lequel a porté haut et fort les couleurs du Cholet Basket ? Antoine Rigaudeau
64%
Parmi ces villes, laquelle est la plus proche à vol d'oiseau de Cholet ? Angers
48%
Pour quelle raison l'étape du Tour de France 1998, Plouay-Cholet, est-elle restée dans l'histoire ? Le directeur sportif de Festina Bruno Roussel est interpellé, l'affaire Festina est déclenchée.
42%
Quel autre général vendéen de l'Armée catholique et royale est connu pour avoir gracié près de cinq mille soldats républicains lors de la seconde bataille de Cholet en date du 17 octobre 1793, avant de succomber à ses blessures ? Charles de Bonchamps
27%
Quel aviateur passa son brevet de pilote à l'école de pilotage de Cholet en 1910, sur l'aérodrome qui désormais porte son nom ? Roland Garros
27%
Quel généralissime vendéen de l'Armée catholique et royale se présenta devant Cholet le 14 mars 1793 et sortit vainqueur de la bataille ? Jacques Cathelineau
25%
Aucun quiz correspondant
Distribution des résultats
% des personnes avec chaque résultat
Percentile par nombre de réponses
Votre historique - résultats
Vous n’avez pas pris ce quiz